| 000 | 00721cam a22002414a 4500 | ||
|---|---|---|---|
| 020 | _a0815701268 (cloth : alk. paper) | ||
| 020 | _a0815701276 (pbk. : alk. paper) | ||
| 040 | _cDLC | ||
| 082 | 0 | 0 | _a320 BRO 2003 A073 Or. |
| 245 | 0 | 0 | _aAgenda for the nation / |
| 260 |
_aWashington, D.C. : _bBrookings Institution Press, _cc2003. |
||
| 300 |
_aviii, 574 p. : _bill. ; _c24 cm. |
||
| 650 | 0 | _aEconomic forecasting | |
| 650 | 0 | _aCultural pluralism | |
| 650 | 0 | _aSocial prediction | |
| 650 | 0 | _aTerrorism | |
| 650 | 0 | _aGlobalization. | |
| 700 | 1 | _aAaron, Henry J. | |
| 700 | 1 | _aLindsay, James M., | |
| 700 | 1 | _aNivola, Pietro S. | |
| 856 | 4 | 1 | _uhttp://www.loc.gov/catdir/toc/ecip044/2003011352.html |
| 942 | _cEK | ||
| 999 |
_c15187 _d15187 |
||